Talahulugan sa Istenong Filipino / (Record no. 82374)

MARC details
000 -LEADER
fixed length control field 00618nam a22002057a 4500
003 - CONTROL NUMBER IDENTIFIER
control field URS
005 - DATE AND TIME OF LATEST TRANSACTION
control field 20250313165037.0
008 - FIXED-LENGTH DATA ELEMENTS--GENERAL INFORMATION
fixed length control field 250313t2022 ph ||||| |||| 00| 0 eng d
020 ## - INTERNATIONAL STANDARD BOOK NUMBER
International Standard Book Number 978-971-821-984-3
040 ## - CATALOGING SOURCE
Original cataloging agency DLC
Language of cataloging eng
Transcribing agency DLC
Modifying agency DLC
-- URS
Description conventions rda
082 ## - DEWEY DECIMAL CLASSIFICATION NUMBER
Item number R66 2022
100 ## - MAIN ENTRY--PERSONAL NAME
Relator code author
Personal name Romero, Ethelmay R.
245 ## - TITLE STATEMENT
Title Talahulugan sa Istenong Filipino /
Statement of responsibility, etc. Ethelmay R. Romero.
264 ## - PRODUCTION, PUBLICATION, DISTRIBUTION, MANUFACTURE, AND COPYRIGHT NOTICE
Place of production, publication, distribution, manufacture Philippines :
Name of producer, publisher, distributor, manufacturer Mutya Publishing House, Inc.
Date of production, publication, distribution, manufacture, or copyright notice [2022]
300 ## - PHYSICAL DESCRIPTION
Extent v, 71 pages ;
Dimensions 23 cm
336 ## - CONTENT TYPE
Source rdacontent
Content type term text
Content type code txt
337 ## - MEDIA TYPE
Source rdamedia
Media type term unmediated
Media type code n
338 ## - CARRIER TYPE
Source rdacarrier
Carrier type term volume
Carrier type code nc
942 ## - ADDED ENTRY ELEMENTS (KOHA)
Source of classification or shelving scheme Dewey Decimal Classification
Koha item type Filipiniana
Holdings
Withdrawn status Source of classification or shelving scheme Damaged status Not for loan Home library Current library Shelving location Date acquired Total Checkouts Full call number Barcode Date last seen Price effective from Koha item type
  Dewey Decimal Classification     Pililla College Library Pililla College Library Filipiniana Section 03/13/2025   653.92 R66 2022 URSPIL-7255 03/13/2025 03/13/2025 Filipiniana
  Dewey Decimal Classification     Pililla College Library Pililla College Library Filipiniana Section 03/13/2025   653.92 R66 2022 URSPIL-7256 03/13/2025 03/13/2025 Filipiniana
  Dewey Decimal Classification     Pililla College Library Pililla College Library Filipiniana Section 03/13/2025   653.92 R66 2022 URSPIL-7257 03/13/2025 03/13/2025 Filipiniana

University of Rizal System
Email us at univlibservices@urs.edu.ph

Visit our Website www.urs.edu.ph/library